<?xml version="1.0" encoding="UTF-8"?>
<record
    xmlns:xsi="http://www.w3.org/2001/XMLSchema-instance"
    xsi:schemaLocation="http://www.loc.gov/MARC21/slim http://www.loc.gov/standards/marcxml/schema/MARC21slim.xsd"
    xmlns="http://www.loc.gov/MARC21/slim">

  <leader>00190nam a22000857a 4500</leader>
  <controlfield tag="001">1243357</controlfield>
  <controlfield tag="005">20251016141036.0</controlfield>
  <datafield tag="245" ind1=" " ind2=" ">
    <subfield code="a">&#x130;NSAN NE &#x130;LE YA&#x15E;AR</subfield>
    <subfield code="c">TOLSTOY</subfield>
  </datafield>
  <datafield tag="260" ind1=" " ind2=" ">
    <subfield code="b">AKVARYUM YAYINLARI</subfield>
  </datafield>
  <datafield tag="999" ind1=" " ind2=" ">
    <subfield code="c">1243357</subfield>
    <subfield code="d">1243357</subfield>
  </datafield>
</record>
